Využitie technológie spájania REW bimetalickými elementmi pri spájaní kovových s plastovými dielcami autokarosérie

Saved in:
Bibliographic Details
Main Author: Magdolen, Michal (Author)
Other Authors: Sejč, Pavol (Thesis advisor)
Format: Manuscript Book
Language:Slovak
Published: 2019
Subjects:
Online Access:http://is.stuba.sk/zp/portal_zp.pl?podrobnosti=153267
Tags: Add Tag
No Tags, Be the first to tag this record!

MARC

LEADER 00000ntm a22000003a 4500
001 stuzp72130
003 SK-STU
005 20190608210854.3
007 ta
008 150427s2015----xo-----f-mn---000-0-slo-d
040 |a STU  |b slo 
041 0 |a slo 
100 1 |a Magdolen, Michal  |u 020050  |4 aut  |U SjF Strojnícka fakulta  |T SjF Ústav technológií a materiálov  |X 65709  |U J0050  |Y 803  |7 65709 
242 0 1 |a Application of REW (Resistance Element Welding) technology for joining metal with plastic parts of the car body  |y eng 
245 1 0 |a Využitie technológie spájania REW bimetalickými elementmi pri spájaní kovových s plastovými dielcami autokarosérie 
260 |c 2019 
650 4 |a oceľ  |2 slo 
650 4 |a spájkovanie  |2 slo 
650 4 |a plast  |2 slo 
650 4 |a bimetalický element  |2 slo 
650 4 |a autokaroséria  |2 slo 
650 4 |a soldering  |2 eng 
650 4 |a plastic  |2 eng 
650 4 |a bimetallic element  |2 eng 
650 4 |a automobile body  |2 eng 
650 4 |a metal  |2 eng 
700 1 |a Sejč, Pavol  |u 020050  |k Z1  |4 ths  |U SjF Strojnícka fakulta  |T SjF Ústav technológií a materiálov  |X 2300  |U J0050  |Y 803  |7 A000002300 
856 4 |u http://is.stuba.sk/zp/portal_zp.pl?podrobnosti=153267 
996 |b 284J045960  |c J* 3070/DDP  |l JJSK  |s A  |a 24  |w stuzp72130_0001